000 00461nam a22001937a 4500
003 MPLRDC
005 20220104144209.0
008 210129b ||||| |||| 00| 0 eng d
020 _a986-7883-06-3
082 _a494.2 YCS-2
100 _a严长寿
245 _a御风而上
_c
250 _a一版一刷
260 _a
_b宝瓶文化事业有限公司
_c2002
300 _b
490 _aVISION
650 _a管理组织
942 _cBK
_o494.2 YCS-2
999 _c47320
_d47310